• 首页
  • 本馆介绍
  • 公告通知
  • 最新文献
  • 馆藏检索
  • 电子资源
  • 读者导购
  • 参考咨询
  • 我的图书馆
  • 登录
  • 详细信息显示
  • 放入我的书架
  • 预约/预借图书
  • 作者相关作品
  • 分类相关作品
  • 丛书相关作品
  • 出版社相关作品

书目信息

  • 表格格式
  • 工作单格式
  • 卡片格式
题名:
网络化控制系统
    
 
作者: 阳宪惠 主编
分册:  
出版信息: 北京   清华大学出版社  2014.06
页数: 12, 269页
开本: 23cm
丛书名:
单 册:
中图分类: TP336
科图分类:
主题词: 总线--zong xian--技术--硕士生--教材 , 总线--zong xian
电子资源:
ISBN: 978-7-302-35805-3
000 01166nam0 2200289 450
001 2058996136
005 20201125164559.47
010    @a978-7-302-35805-3@dCNY39.00
100    @a20140801e20202014em y0chiy50 ea
101 0  @achi
102    @aCN@b110000
105    @aa z 000yy
106    @ar
200 1  @a网络化控制系统@9wang luo hua kong zhi xi tong@e现场总线技术@dNetworked contril systems@efieldbus technology@f阳宪惠主编@zeng
205    @a2版
210    @a北京@c清华大学出版社@d2014.06@h2020.09
215    @a12, 269页@c图@d23cm
300    @a全国工程专业学位研究生教育国家级规划教材
330    @a本书从介绍与现场总线技术相关的基本术语、基础知识开始,阐述了基金会现场总线FF、PROFIBUS、工业以太网、LonWorks现场总线技术的概貌,并简要讨论了Modbus、CAN、DeviceNet以及ZigBee无线短程数据通信技术。
510 1  @aNetworked contril systems@efieldbus technology@zeng
517 1  @a现场总线技术@9xian chang zong xian ji shu
606 0  @a总线@9zong xian@x技术@x硕士生@j教材
606 0  @a总线@9zong xian
690    @aTP336@v5
701  0 @a阳宪惠@9yang xian hui@c(女,@f1947.6~)@4主编
801  0 @aCN@bBJSZM@c20201125
905    @b1246344-7@dTP336@e211=2@f4
    
    网络化控制系统:现场总线技术=Networked contril systems:fieldbus technology/阳宪惠主编.-2版.-北京:清华大学出版社,2014.06(2020.09)
    12, 269页:图;23cm
    全国工程专业学位研究生教育国家级规划教材
    
    ISBN 978-7-302-35805-3:CNY39.00
    本书从介绍与现场总线技术相关的基本术语、基础知识开始,阐述了基金会现场总线FF、PROFIBUS、工业以太网、LonWorks现场总线技术的概貌,并简要讨论了Modbus、CAN、DeviceNet以及ZigBee无线短程数据通信技术。
●
相关链接 在E读中查询图书 在五车中查询图书 在当当中查询图书 在豆瓣中查询图书


正题名:网络化控制系统     索取号:TP336/211=2         预约/预借

序号 登录号 条形码 馆藏地/架位号 状态 备注
1 1246344   212463449   第二样本阅览室/ [索取号:TP336/211=2] 在馆    
2 1246345   212463458   第三借阅区/ [索取号:TP336/211=2] 在馆    
3 1246346   212463467   第三借阅区/ [索取号:TP336/211=2] 在馆    
4 1246347   212463476   第三借阅区/ [索取号:TP336/211=2] 在馆    
欢迎您!
大连网信软件有限公司© 版权所有